O bolinha e o livro das cores, formas e números (Registo nº 4391)

Detalhes MARC
000 -Etiqueta do registo
Cabeçalho 00852cam a2200301 4500
005 - Identificador da versão
Campo de controlo 20240813122100.0
095 ## -
-- PTBN00712051
010 ## - Número internacional normalizado dos livros (ISBN)
Número (ISBN) 9722318594
021 ## - Número do Depósito Legal
Código do país PT
Número 80955/94
100 ## - Dados gerais de processamento
Dados gerais de processamento 19950331d1994 c y0pory5003 ba
102 ## - Pais de publicação ou produção
País de publicação Portugal
101 1# - Língua de publicação
Língua do texto, banda sonora, etc. Português
Língua do documento no original Inglês
106 ## - Campo de dados codificados: material textual
Dados codificados do material textual d
105 ## - Campo de dados codificados: livros
Dados codificados dos livros a z 001ay
215 ## - Descrição física 
Indicação específica da natureza do documento e extensão da espécie [23] p.
Outras indicações físicas il.
Dimensões 31 cm
200 1# - Titulo e menção de responsabilidade
Título próprio O bolinha e o livro das cores, formas e números
Primeira menção de responsabilidade Eric Hill
Outras menções de responsabilidade trad. Isabel Simplício, Gizela Moniz
205 ## - Menção da edição
Menção da edição 1ª ed
210 ## - Publicação, Distribuição, etc. 
Lugar da edição, distribuição, etc. Lisboa
Nome do editor, distribuidor, etc. Presença
Data da publicação, distribuição, etc. 1994
304 ## - Notas relativas a título e menção de responsabilidade 
Texto da nota Tít. orig.: Spot's big book of colours, shapes and numbers
675 ## - Classificação Decimal Universal (CDU)
Notação 087.5
Edição BN
Língua da edição por
702 #1 - Nome de autor-pessoa física (responsabilidade secundária)
Número de registo de entrada de autoridade 0001204
Palavra de ordem Simplício
Outra parte do nome não tomada para palavra de ordem Isabel
Código de função Tradutor
Número de registo de entrada de autoridade 0001205
Palavra de ordem Moniz
Outra parte do nome não tomada para palavra de ordem Gisela
Código de função Tradutor
700 #1 - Nome de autor-pessoa física (responsabilidade principal)
Número de registo de entrada de autoridade 0000819
Palavra de ordem Hill
Outra parte do nome não tomada para palavra de ordem Eric
942 ## - Elementos de entrada adicionados (Koha)
Tipo de item no Koha Livro
Exemplares
Situação do levantamento Origin of item (home branch) (coded) Biblioteca de empréstimo Código de barras Cota Circulation type (not for loan) Tipo de documento Nota do exemplar Damaged status
  Biblioteca Escolar das Vendas Biblioteca Escolar das Vendas BEV555 0 HIL   Livro Sem mensagem